| 000 | 00474nam a2200181Ia 4500 | ||
|---|---|---|---|
| 001 | 13121 | ||
| 005 | 20260306163030.0 | ||
| 008 | 260306t2010||||xx |||||||||||||| ||spa|| | ||
| 041 | _aESP | ||
| 082 |
_aRM 343.332 _b2009-2010 PJ |
||
| 100 |
_aPoder Judicial del Perú _eAUT |
||
| 245 | 0 |
_aMemoria institucional. Poder Judicial: _bgestión 2009-2010 |
|
| 260 | _c2010 | ||
| 300 |
_a171 páginas : _c29 cm. |
||
| 650 | _aGEN | ||
| 654 | _aCDE | ||
| 942 |
_cLIB _dJUS _fJUS _2ddc _n |
||
| 999 |
_c13121 _d13121 |
||